000 00297nam a22001337a 4500
008 171127b xxu||||| |||| 00| 0 eng d
020 _a9780072460889
041 _aeng
080 _a94
100 _a17
101 _aHIS
245 _aTHE AMERICAN SOUTH A HISTORY
_cCOOPER,W.J
942 _2udc
_cBK
999 _c38543
_d38543